Waluty Azji - nagła śmierć - Statystyki

Ogólne statystyki
  • Ten quiz został rozwiązany 104 razy
  • Średni wynik to 9 z 22
Answers on the Grid
Answers color-coded by a green-red scale on the quiz's grid according to % correct below.
Vatu
Pa'anga
Birr
Frank
Pula
Kwacha
Korona
Lew
Szyling
Colon
Dong
Dram
Afgani
Bat
Dinar
Dirham
Euro
Funt
Jen
Kiat
Lari
Lira
Manat
Peso
Renminbi
Rial
Riel
Rupia
Sum
Szekel
Tenge
Won
 
Statystyki odpowiedzi
Odpowiedź % Poprawnych
Jen
70%
Won
68%
Rupia
62%
Afgani
56%
Dong
54%
Bat
52%
Lira
46%
Rial
46%
Dinar
44%
Dirham
44%
Szekel
44%
Manat
34%
Riel
34%
Sum
32%
Dram
28%
Peso
28%
Tenge
28%
Kiat
26%
Lari
24%
Renminbi
22%
Funt
18%
Euro
12%
Nie znaleziono quizów pasujących do podanych kryteriów
Rozkład punktacji
Procent ludzi z każdym wynikiem
Percentyl według liczby udzielonych odpowiedzi
Twoja historia wyników
Nie rozwiązałeś tego quizu